| 000 | 00505nam a2200169Ia 4500 | ||
|---|---|---|---|
| 999 |
_c37336 _d37336 |
||
| 003 | OSt | ||
| 005 | 20200929100146.0 | ||
| 008 | 190216s9999||||xx |||||||||||||| ||und|| | ||
| 040 | _coclc | ||
| 082 |
_a592.01 _bBAR/I |
||
| 100 |
_aBarrington, E J W _95105 |
||
| 245 | 0 |
_aInvertebrate Structure And Function / _cE J W Barrington |
|
| 260 |
_bEnglish Language Book Society, _c1969. _aLondon: |
||
| 300 | _a549p | ||
| 650 | _aZoology | ||
| 942 |
_cBK _2ddc _h592.01 _iBAR/I _k592.01 _mBAR/I |
||